000 01313nam a2200373 a 4500
008
020 _a9780128030585 (hardback)
040 _aNUST
_cNUST
049 _aMAIN
090 _aRC388.5
_bPRI
245 1 0 _aPrimer on cerebrovascular diseases/
_cedited by Louis R Caplan ; Jose Biller ; Megan C Leary ; Eng H Lo ; Ajith J Thomas ; Midori Yenari & John H Zhang.
250 _aSecond edition.
260 _aLondon :
_bAcademic Press,
_c2017.
300 _axix, 947 pages :
_billustrations (some colour) ;
_c29 cm.
336 _atext
_btxt
_2rdacontent
337 _aunmediated
_bn
_2rdamedia
338 _avolume
_bnc
_2rdacarrier
500 _aIncludes index.
504 _aIncludes bibliographical references.
650 1 _aCerebrovascular disease.
650 _aCerebrovascular disease
_xDiagnosis.
650 _aCerebrovascular disease
_xTreatment.
700 _aCaplan, Louis R.,
_aeditor.
700 _aBiller, Jose.,
_aeditor.
700 _aLeary, Megan C.,
_aeditor.
700 _aLo, Eng H.,
_aeditor.
700 _aThomas, Ajith J.,
_aeditor.
700 _aYenari, Midori.,
_aeditor.
700 _aZhang, John H.,
_aeditor.
907 _a.b10403383
_b03-06-21
_c02-06-21
003
005 20230123141159.0
942 _cBOOKS
_kRC388.5
_mPRI
999 _c169045
_d169045